| 000 | 00384 a2200121 4500 | ||
|---|---|---|---|
| 001 | ART_12139 | ||
| 005 | 20260410161903.0 | ||
| 008 | 260409a | ||
| 245 | 1 | 0 | _aTesting for functional misspecification in regression analysis |
| 100 | 1 | _aHarvey, Andrew C. | |
| 700 | 1 | _aCollier, Patrick | |
| 773 | 0 |
_tJournal of econometrics _g- Vol. 6, NÂș 1 (jul. 1977) _wREV11720 |
|
| 999 |
_c26123 _d26123 |
||